000 00425nam a22001697a 4500
005 20180813161808.0
008 160618b xxu||||| |||| 00| 0 eng d
020 _a81-7929-046-8
041 _aeng
082 _b8205
_a658.4
100 _aMUMFORD, ALAN
_92023
245 _aDeveloping Senior managers From Top Managers
260 _bInfinity Book
_c2003
_aDELHI
300 _a23P,
650 _aManagement
_9241
942 _cBK
999 _c3157
_d3156